Quizzes
Events
Quiz Creation
Community
Videos
Private Events
Remove Ads
Sign In
Join for FREE
Feedback
Dark Mode
Quiz Categories
Sports
Geography
Music
Movies
Television
Just For Fun
Miscellaneous
History
Literature
Language
Science
Gaming
Entertainment
Religion
Holiday
For Kids
Quiz Lab
Recent
Popular Today
Quiz Kudos Today
Editor Picks
Curator Picks
Quizzes by...
Day
Popularity
Type
Ratings
Length
Year
Community
Subscriptions
Recent Discussions
Orange Saloon
Badges
Playlists
Quests
Create
Leaderboards
Showdown
Live 5
Trivia Bingo
Activity
Puzzle Library
Sporcle Events
Private Events
Virtual Trivia
Globe League
Become a Host
Pub Owners
SporcleCon
Opinionation
Our Games
Videos
Blog
Mobile Apps
Partnerships
Remove Ads and Go Orange
Feedback
Music
Pop Music
The Beatles
Song
Album
Lyrics
Bands
Singers
Artist
Clip
Rock
Rap
Classical
Billboard
Country Music
Kpop
Taylor Swift
Music
Pop Music
The Beatles
Song
Album
Lyrics
Bands
Singers
Artist
Clip
Rock
Rap
Classical
Billboard
Country Music
Kpop
Taylor Swift
Random Quiz
Search Sporcle
×
Quiz Lab
Quiz Lab
Music
Play
Type in answers that appear in a list
Type in answers that appear in a list
Classic
Best Score? Go Orange.
Hidden Musicians Stats
Can you name the instrument these famous non-musicians play or used to play?
By
onvacation
7m
20 Questions
267 Plays
267 Plays
267 Plays
Comments
Comments
Give Quiz Kudos
Give Quiz Kudos
-
- Ratings
hide this ad
Replay
Link that replays current quiz
Next Quiz
Link to next quiz in quiz playlist
You Got
0%
They Got
Avg Score
60%
Avg Friend Score
Upgrade to see
Score Distribution
Jump to the score distribution portion of the page
Score
0/20
Timer
07:00
0
Plays Today
Famous Individual
Instrument Played
% Correct
Andy Griffith
guitar
91.7%
Alexander Graham Bell
piano
89.8%
Condeleeza Rice
piano
89.5%
Johnny Carson
drums
85%
Thomas Jefferson
clavichord, cello, and violin
84.6%
John Quincy Adams
flute
84.2%
Meryl Streep
violin
82.7%
Julia Roberts
clarinet and oboe
80.1%
Richard Gere
trumpet
80.1%
Wayman Tisdale
bass guitar
77.1%
Famous Individual
Instrument Played
% Correct
Bill Clinton
saxophone
75.2%
Bob Hope
saxophone
73.7%
Paula Zahn
cello
67.3%
Bruce Willis
harmonica
46.2%
Chester Arthur
banjo
33.8%
Louis Braille
organ
29.7%
Neil Armstrong
baritone horn
16.5%
Charles Dickens
accordion
13.9%
Patrick Henry
fiddle
13.2%
Mahatma Gandhi
concertina
1.9%
Quiz Playlist
Details
Report
Send in Message
Add To Playlist
Classic:
Type in answers that appear in a list
Quiz Source
Last Updated: Feb 16, 2017
Quiz Scoreboard
CHALLENGE
Sign Up to Join the Scoreboard
Show All
Scores
Hide
Comments
May contain spoilers
Recently Published
College Basketball Coaching Resumes
by pancakes188
Sports
9m
Billboard Blitz: Fleetwood Mac
by CooCooCachoo
Music
15s
Presidents Visiting Landmarks
by Hejman
History
7m
More to Explore
Quiz From the Vault
Featured Blog Post
Where Did the Easter Bunny Come From?
hide this ad
You Might Also Like...
Tags
Famous Quiz
Play Quiz
hidden
Individual
instrument
Musician
occupation
Today's Top Quizzes in Music
Browse Music
hide this ad
Today's Top Quizzes in Play
Browse Play
Top Contributed Quizzes in Music
1
Taylor Swift All Songs (2024)
2
7-to-1: Billboard Hot 100 #1 Hits of 2010s
3
Guess the Artist- 70s Songs
4
Sorting Albums and Songs
5
Taylor Swift Logic Puzzle
6
KPOP LOGIC QUIZ
7
Guess the Taylor Swift song (Mystery Song)
8
2010s Album by Cover III
9
One Thing in Common: Music
10
Guess The Taylor Swift Lyrics Song #1
Explore More
Trending Topics
Disney
Crossword
Kpop
Anime
Harry Potter
NBA
Marvel
Pokémon
Puzzle
The Office
Song
Country
WWE
Soccer
NFL
hide this ad
More By:
onvacation
Quiz
Plays
Rating
Category
Featured
Created
Most Popular Ice Cream Flavors
915
1.77
Miscellaneous
Oct 4, 2009
Hidden Musicians
267
3.67
Music
Sep 26, 2009
Meaning of Flowers
153
Miscellaneous
Sep 26, 2009
Go to Creator's Profile
Score Distribution
Quiz Creator Spotlight
onvacation
Follow
Send a Message
Quizzes Created
-
Created Quiz Play Count
-
More By This Creator
Popular Quizzes Today
1
Find the US States - No Outlines Minefield
2
Find the Countries of Europe - No Outlines Minefield
3
The Countries of the World
4
Find the US States
5
Risky Map Clicking: Biggest States A-Z
6
US States
7
Popular People in 1961
8
Movies - When Are They Set?
More Music Quizzes
10 Opening Lyrics: Grammy Songs of the Year Post-2000
Quiz Lab
Trending Quizzes
Risky Map Clicking: Least Populous States A-Z
1-10 Letter G Words
1-10 Letter F Words
Risky Map Clicking: Next State Alphabetically
Risky Map Clicking: Biggest States A-Z
Recently Updated
Leaping Animals
pecheneg
Reality TV Shows (A-Z)
bhenderson79
Rickey Henderson's Hall of Fame Teammates
pecheneg
Champions League XIs: Arsenal
pecheneg
Quick Pick: Celebrities in WWE's Hall of Fame
aduchscher
A-Z Keypad Blitz II
pecheneg
Multiple Oscar Actors
pecheneg
Mystery Phrase Blitz: Oscar 'Best Actors'
pecheneg
F. Scott Fitzgerald Novels
LTH
Pick 3 Villains
ddd62291
Trending Topics
Harry Potter
Kpop
Crossword
Anime
Marvel
NBA
Disney
The Office
Pokémon
NFL
Soccer
WWE
Song
Country
Puzzle
Your Account Isn't Verified!
In order to create a playlist on Sporcle, you need to verify the email address you used during registration. Go to your
Sporcle Settings
to finish the process.
Report this User
Report this user for behavior that violates our
Community Guidelines
.
Details:
Send Report
Go to the Sporcle.com Mobile Site →
Comments